000
00225 a2200097 4500
001
3146
090
_c
2427
_d
2427
100
_a
Apter, MJ
245
_a
Reversal theory, motivation & personality
260
_a
Uk
_b
Rwtledge
_c
1989
942
_a
NUST-CAE
_k
155.2 APT
999
_c
238219
_d
238219